Normal view
MARC view
- Khomeini, Ruhollah
Entry Personal Name
001 - CONTROL NUMBER
- control field: 42001
003 - CONTROL NUMBER IDENTIFIER
- control field: OSt
005 - DATE AND TIME OF LATEST TRANSACTION
- control field: 20190213133636.0
008 - FIXED-LENGTH DATA ELEMENTS
- fixed length control field: 190213|| aca||aabn | a|a d
040 ## - CATALOGING SOURCE
- Original cataloging agency: OSt
100 1# - HEADING--PERSONAL NAME
- Personal name: Khomeini, Ruhollah
400 ## - SEE FROM TRACING--PERSONAL NAME
- Personal name: Rūḥ Allāh al-Khumaynī